Ivanhoe o el cruzado
Guardat en:
| Autor principal: | |
|---|---|
| Format: | Llibre |
| Idioma: | espanyol |
| Publicat: |
Ciudad de México
Porrua
1978
|
| Edició: | 4a. ed |
| Col·lecció: | Sepan cuantos, 1978
|
| Matèries: | |
| Etiquetes: |
Afegir etiqueta
Sense etiquetes, Sigues el primer a etiquetar aquest registre!
|
MARC
| LEADER | 00000nam a2200000 a 4500 | ||
|---|---|---|---|
| 001 | UCY2455 | ||
| 003 | CL-VaPUC | ||
| 008 | 941027e19780000MX |||||||||||||||||spa|d | ||
| 082 | 0 | 4 | |a 823 |b SCO |2 21 |
| 100 | 0 | |a Scott, Walter |e author |9 330482 | |
| 245 | 1 | 0 | |a Ivanhoe o el cruzado |
| 250 | |a 4a. ed | ||
| 300 | |a 275 p | ||
| 942 | |c BK | ||
| 945 | |d 19941027 00:00:00 |a mfernand | ||
| 260 | |a Ciudad de México |b Porrua |c 1978 | ||
| 650 | 7 | |a NOVELA ESCOCESA |2 CL-VaPUC |9 330483 | |
| 583 | |a last modification |c 19941027 00:00:00 |k Rodrigo Vera | ||
| 490 | 0 | |a Sepan cuantos, 1978 | |
| 999 | |c 230857 |d 230855 | ||
| 952 | |0 0 |1 0 |4 0 |6 823_000000000000000_SCO_1978 |7 0 |8 A |9 233467 |a BIBARQ |b BIBARQ |d 2019-11-15 |i 3027732 |o 823 SCO 1978 |p 3027732 |r 2025-01-20 |w 2019-11-15 |y BK |k ARQ | ||